Dare to change : inspirational comic series 4

Bibliographic Details
Main Author: Lim, Billi P.S
Other Authors: Azhar Mohd. Nor
Format: Book
Published: Selangor : Hardknocks Factory , 2007
Subjects:

MARC

LEADER 00000cam a2200000 7i4500
001 0000028066
005 20150201.0
008 091112
020 |a 9833948014 
090 0 0 |a 158.1   |b LIM 
100 1 |a Lim, Billi P.S. 
245 1 0 |a Dare to change :   |b inspirational comic series 4   |c Billi P.S. Lim & Azhar Mohd. Nor 
260 |a Selangor :   |b Hardknocks Factory ,   |c 2007 
650 0 |a Attitude (Psychology) 
650 0 |a Change (Psychology) 
650 0 |a Success   |x Psychology aspects 
700 0 |a Azhar Mohd. Nor 
999 |a 0001060342   |b Book   |c Adult Collection   |e Perbadanan Perpustakaan Awam Johor